|
|
|
|
| LEADER |
00000nam a2200000 a 4500 |
| 001 |
vtls001479610 |
| 003 |
SK-MaSNL |
| 005 |
20260302040601.0 |
| 008 |
240318s1947 xo 0 und |
| 035 |
|
|
|a SNK000434908
|
| 040 |
|
|
|a SNK
|b slo
|c SNK
|e AACR2
|
| 044 |
|
|
|a xo
|c SK
|
| 100 |
1 |
|
|a Čarskaja, Lidija Aleksejevna,
|d 1875-1937
|4 aut
|9 104453
|
| 245 |
1 |
0 |
|a Zápisky malej gymnazistky
|
| 250 |
|
|
|a 1. vyd.
|
| 260 |
|
|
|a Žilina
|b O. Trávníček
|c [1947]
|
| 300 |
|
|
|a 129 s.
|
| 999 |
|
|
|c 1075284
|d 1077214
|
| 952 |
|
|
|a SNK
|b SNK
|y VYP
|7 0
|p 17A0436260
|o snkSD 11565 D1
|i snkF 725/66
|3 rekatalogizácia
|0 0
|1 0
|4 0
|d 2004-08-02
|l 0
|r 2005-01-02 00:00:00
|w 2026-02-24
|
| 952 |
|
|
|a SNK
|b SNK
|y PREZ
|7 0
|p 17A0478330
|o snkSD 11565
|i snk1493/56
|3 rekatalogizácia
|0 0
|1 0
|4 0
|d 2005-07-12
|l 0
|r 2025-11-25 00:00:00
|w 2026-02-24
|